header

Clinical pediatric neurology (Record no. 61178)

MARC details
000 -LEADER
fixed length control field 01216nam a2200325Ia 4500
082 04 - DEWEY DECIMAL CLASSIFICATION NUMBER
Classification number 618.92/8
245 00 - TITLE STATEMENT
Title Clinical pediatric neurology
250 ## - EDITION STATEMENT
Edition statement 3rd ed.
260 ## - PUBLICATION, DISTRIBUTION, ETC. (IMPRINT)
Place of publication New York :
Name of publisher Demos Medical Pub.,
Year of publication c2009.
300 ## - PHYSICAL DESCRIPTION
Number of Pages xvi, 622 p.
650 #0 - SUBJECT ADDED ENTRY--TOPICAL TERM
Topical Term Pediatric neurology.
Topical Term Neurology.
700 1# - ADDED ENTRY--PERSONAL NAME
Personal name David, Ronald B.
856 40 - ELECTRONIC LOCATION AND ACCESS
Uniform Resource Identifier http://site.ebrary.com/lib/rucke/Doc?id=10309149

No items available.

© 2026 Rongo University
Contact us: librarian | system librarian | Rongo university